Security governance, and democratic rights : (Record no. 94684)

MARC details
000 -LEADER
fixed length control field 00659nam a22001937a 4500
005 - DATE AND TIME OF LATEST TRANSACTION
control field 20150827155359.0
010 ## - LCCN (DPL NO)
LC control number ENG-113368
020 ## - INTERNATIONAL STANDARD BOOK NUMBER
International Standard Book Number 9789383098132
Terms of availability 495.00
035 ## - SYSTEM CONTROL NUMBER
System control number EN-96900
037 ## - SOURCE OF ACQUISITION
Source of stock number/acquisition DBAD/PUB
082 ## - DEWEY DECIMAL CLASSIFICATION NUMBER
Classification number 352.3790954
245 ## - TITLE STATEMENT
Title Security governance, and democratic rights :
Statement of responsibility, etc edited by K..S. Subramanian
Remainder of title essays on the North-East /
260 ## - PUBLICATION, DISTRIBUTION, ETC. (IMPRINT)
Place of publication, distribution, etc New Delhi
Name of publisher, distributor, etc Niyogi Books
Date of publication, distribution, etc 2014
270 ## - ADDRESS
Address D-78, Okhla Industrial Area, Phase-I,
City New Delhi
Postal code 110020
300 ## - PHYSICAL DESCRIPTION
Extent 242p.
Dimensions 23cm(pbk)
500 ## - GENERAL NOTE
General note Includes bibliographical references and index
700 ## - ADDED ENTRY--PERSONAL NAME
Personal name Subramanian, K.S.
942 ## - ADDED ENTRY ELEMENTS (KOHA)
Source of classification or shelving scheme Dewey Decimal Classification
Item type English Books
Call number suffix SEC
Classification part 352.3790954
Holdings
Withdrawn status Lost status Not for loan Collection code Home library Current library Date acquired Source of acquisition Cost, normal purchase price Full call number Barcode Copy number Cost, replacement price Koha item type
    Not For Loan Non-fiction D.B.Act.Division D.B.Act.Division 06/07/2015 DBAD/PUB 495.00 352.3790954 SEC EN-96900 1 495.00 English Books

© Delhi Public Library
Hit Counter
free hit counter